=LDR 00000nam 2200000 4500 =001 INLIS000000000018728 =005 20260105125022 =035 ##$$a 0010-061300000018728 =008 260105################g##########0#ind## =041 ##$$a Ind =082 ##$$a 028.5 =090 ##$$a 028.5, Mua a =100 ##$$a MUAKHIR, Ali =245 1#$$a Aku bisa pakai sepatu /$c Ali Muakhir =260 ##$$a Bandung :$b [s.n],$c 2003 =300 ##$$a 23 hlm. : $b ilus ; $c 17x15 cm. =650 #4$$a BACAAN KANAK-KANAK =850 ##$$a NBPNMAT =084 ##$$a 028.5 MUA a =990 ##$$a 1039000 =990 ##$$a 65586558 =990 ##$$a 1038999 =990 ##$$a 1039000